00899nam a2200253Ia 4500001000700000003000500007008004100012010001100053020001800064040000900082082001400091100002100105240006400126245014800190260003400338300001500372500010100387503001700488504002100505650002400526650002700550700003400577700003400611Z_3782CHAP220113s1980 xx 000 0 und d a163611 a84-291-1829-2 cCHAP a591.1 H55 aHill, Richard W. aComparative physiology of animals an environmental approach aFisiología animal comparada : un enfoque ambiental /cRichard W. Hill; traducción Jesús Palomeque Rico; revisión José Planas Mestres aEspaña :bReverté,c1980 aix, 901 p. aTraducción de la obra en inglés: Comparative physiology of animals an environmental approach aej.1: 208387 aIncluye índice aFisiología animal aFisiología comparada a Palmas Mestres, José, rev. aPalomeque Rico, Jesús, tr.